| 000 | 00557nam a2200193 a 4500 | ||
|---|---|---|---|
| 001 | 3376 | ||
| 003 | CDMR | ||
| 005 | 20131016173602.0 | ||
| 008 | 130130s1972||||||||||||||||||||||||||||d | ||
| 040 |
_aCDMR _bcat _cCDMR |
||
| 100 | 1 |
_aZavala, Iris M. _92435 |
|
| 245 | 1 | 0 |
_aRománticos y socialistas _b: prensa española del XIX _cIris M. Zavala |
| 260 |
_aMadrid _c1972 _bSiglo XXI |
||
| 300 | _a205 p. | ||
| 490 | 0 | _aHistoria (Siglo XXI) | |
| 650 | 0 | 4 |
_93729 _aPremsa _zEspanya _xHistòria _yS. XIX |
| 650 | 0 | 4 |
_94090 _aPremsa i política _zEspanya |
| 942 |
_cMON _2udc |
||
| 999 |
_c3376 _d3376 |
||